| 000 | 00383cam a2200145ua 4500 | ||
|---|---|---|---|
| 041 |
_aeng _h |
||
| 082 |
_a823.308 _bALC/TA |
||
| 100 | _aAlcot, M Louis . | ||
| 245 |
_aTales retedel for easy reading little women / _cLouis. _hTextual Documents |
||
| 260 |
_aMumbai : _bOxford & IBH Book Company , _c1964. |
||
| 300 | _a106 ; . | ||
| 504 | _a | ||
| 942 | _cBK | ||
| 999 |
_c12423 _d12423 |
||